Entry Nombre personal
001 - NÚMERO DE CONTROL
- campo de control: 226620
003 - IDENTIFICADOR DE NÚMERO DE CONTROL
- campo de control: SpMaBN
005 - FECHA Y HORA DE LA ÚLTIMA TRANSACCIÓN
- campo de control: 20250804092550.0
008 - ELEMENTOS DE DATO DE LONGITUD-FIJA
- campo de control de longitud fija: 000704n| aijnnaabn |a aaa
016 ## - NÚMERO DE CONTROL DE UNA AGENCIA BIBLIOGRÁFICA NACIONAL
- Número de control del registro: BNE20002728751
024 7# - IDENTIFICADOR DE OTROS ESTÁNDARES
- Número estándar o código: http://www.wikidata.org/entity/Q110680785
- Fuente: wikidata
024 7# - IDENTIFICADOR DE OTROS ESTÁNDARES
- Número estándar o código: http://viaf.org/viaf/51871415/
- Fuente: viaf
024 7# - IDENTIFICADOR DE OTROS ESTÁNDARES
- Número estándar o código: https://isni.org/isni/0000000081306730
- Fuente: isni
040 ## - FUENTE DE CATALOGACIÓN
- Centro catalogador/agencia de origen: SpMaBN
- Lengua de catalogación: spa
- Centro/agencia transcriptor: SpMaBN
- Normas de descripción: rdc
- Convención/Normas de encabezamiento de materia/tesauro: embne
046 ## - FECHAS CON CODIFICACIÓN ESPECIAL
- Fecha de nacimiento: 1952
100 1# - ENCABEZAMIENTO-NOMBRE DE PERSONA
- Nombre de persona: Ortega Vidal, Javier,
- Fechas asociadas al nombre: 1952-
375 ## - GÉNERO/SEXO
- Género: Masculino
377 ## - IDIOMA ASOCIADO
- Código del idioma: spa
- Término de lengua/lenguaje: Español
400 1# - TRAZADO DE VÉASE--NOMBRE DE PERSONA
- Nombre de persona: Ortega, Javier,
- Fechas asociadas al nombre: 1952-
670 ## - FUENTE DE DATOS ENCONTRADOS
- Cita de la fuente: El Escorial, 1999
- Información encontrada: port. (Javier Ortega Vidal) solapa (Madrid, 1952; arquitecto y catedrático de dibujo de arquitectura, Escuela de Madrid)
670 ## - FUENTE DE DATOS ENCONTRADOS
- Cita de la fuente: J.A. Coderch, 1978
- Información encontrada: (ed. a cargo de Javier Ortega)
856 4# - LOCALIZACIÓN Y ACCESO ELECTRÓNICOS
- Identificador Uniforme de Recursos: http://dialnet.unirioja.es/servlet/autorExterno/BNE/1470868
